000 00780cam a22002415a 4500
001 L115281
008 011024s2001 xxk f 000 00eng d
020 _a0860178803
035 _a(Sirsi) u115281
050 0 4 _a696.1 $2 18
100 1 _aLeggett, D. J.
245 0 0 _aRainwater and greywater use in buildings
_bdecision-making for water conservation
260 _aLondon
_bCIRIA
_c2001
300 _a65p.
_c30cm.
350 _a15
490 0 _aCIRIA
_vPR80
651 4 _aEngland and Wales
_y1543-
690 _aBUILT ENVIRONMENT-BUILDING ELEMENTS-COMPLETE BUILDING SERVICES ELEMENTS-COMPLETE WASTE REMOVAL AND DISPOSAL SYSTEMS
690 _aENVIRONMENTAL AND LAND CONSULTANCY-WATER RESOURCE MANAGEMENT
700 _aBrown, R.
700 _aStanfield, G.
942 _n0
999 _c101745
_d101745